00720pam a2200193 a 4500020001500000040000800015082002600023100002100049245003500070260007400105300003300179650001300212650001200225856006300237856005500300942000700355999001700362952014700379 a0521380308 cDLC00a633 CAM 1991 A052 Or.1 aHumphreys, L. R.10aTropical pasture utilisation / aCambridge [England] ;aNew York :bCambridge University Press,c1991. aix, 206 p. :bill. ;c26 cm. 0aPastures 0aGrazing42uhttp://www.loc.gov/catdir/description/cam024/90042849.html41uhttp://www.loc.gov/catdir/toc/cam029/90042849.html cEK c14524d14524 0010406633_000000000000000_CAM_1991_A052_OR70966789aLBAbLBAcA052d2017-10-18o633 CAM 1991 A052 Or.pA22176r2017-10-18w2017-10-18yEK